| 000 | 00828nam a2200193 4500 | ||
|---|---|---|---|
| 008 | 041102s1997 ch mc b a001 0 chi d | ||
| 020 | _a9579642338 :HK215/182.50 | ||
| 090 |
_aBR1288 _bC36h |
||
| 100 | 1 | _aChao, Jonathan. | |
| 245 | 1 | 0 |
_aDang dai Zhongguo Jidu jiao fa zhan shi, 1949-1997 / _cZhao Tian'en, Zhuang Wanfang. |
| 246 | 1 | 5 | _aHistory of Christianity in socialist China, 1949-1997 {ch}. |
| 260 |
_aTaibei Shi : _bZhongguo fu yin hui chu ban bu, _c1997. |
||
| 300 |
_axxxiv, 794 p. : _bill., ports. ; _c22 cm. |
||
| 500 | _aTable of contents and list of contents also in English. | ||
| 504 | _aIncludes bibliographical references (p. 749-768) and index. | ||
| 651 | 4 |
_aChina _xChurch history _y20th century. |
|
| 700 | 1 | _aChong, Rosanna. | |
| 951 |
_pC-5496 _x00029146 _oBR1288/C36h _j070613111421171 _d2000-12-21 _cSP-C CH |
||
| 999 |
_c21492 _d21492 |
||